000 00958nam a2200229 a 4500
001 BRCA_8867
005 20190320210436.0
008 140617s1752----ag-#######---#000-0#lat-#
041 _alat
084 _aBE249
_b.V58 1752
100 1 _aVitus Pichle
_922083
245 1 0 _aCandidatus abbreviatus jurisprudentiae sacrae
_bhoc est, Juris canonici secundum Grerorri Papae IX: libros V. decreta lium explanati summa, seu compendium, quad in usum maxime Discipolorum ex libris suis collegit auctor ipse
_cnimirum R. P. Vitus Pichler...
250 _a5a ed.
260 _a[Agustae vind & wirceburgi]
_bSumptibus Martini Veith
_c1752
300 _a[14], 783 p.
_c18.2 x 11.5 cm.
500 _aCum facultate superiorum
500 _aEstado físico: presenta encuadernación en pergamino deteriorado, con cantos decorados
600 1 4 _aGregorio
_bIX
_cPapa
_922084
650 1 4 _aDerecho canónico
_yObras anteriores a 1800
_922085
902 _aCFM
942 _2lcc
_cB
999 _c8518
_d8518